Auctioneers Institute of the United Kingdom (Record no. 116804)

MARC details
000 -LEADER
fixed length control field 00741ckm a22002055a 4500
001 - CONTROL NUMBER
control field L143209
008 - FIXED-LENGTH DATA ELEMENTS--GENERAL INFORMATION
fixed length control field 080416e18971030xxk eng u
035 ## - SYSTEM CONTROL NUMBER
System control number (Sirsi) u143209
041 ## - LANGUAGE CODE
Language code of text/sound track or separate title eng
110 1# - MAIN ENTRY--CORPORATE NAME
Corporate name or jurisdiction name as entry element Auctioneers' Institute of the United Kingdom
9 (RLIN) 3785
245 00 - TITLE STATEMENT
Title Auctioneers Institute of the United Kingdom
Remainder of title supplement to "The Citizen" Saturday, October 30th 1897
Medium [graphic]
260 ## - PUBLICATION, DISTRIBUTION, ETC.
Date of publication, distribution, etc. 30 October 1897
300 ## - PHYSICAL DESCRIPTION
Extent 1 sheet
Other physical details ill.
Dimensions 83 x 56 cm.
340 ## - PHYSICAL MEDIUM
Material base and configuration Printed
351 ## - ORGANIZATION AND ARRANGEMENT OF MATERIALS
Hierarchical level Single item
500 ## - GENERAL NOTE
General note Item is a poster showing photographic portraits of Fellows of the Institute. Item is fragile and has tears to the edges.
651 4# - SUBJECT ADDED ENTRY--GEOGRAPHIC NAME
Geographic name United Kingdom
Chronological subdivision
690 ## - LOCAL SUBJECT ADDED ENTRY--TOPICAL TERM (OCLC, RLIN)
Topical term or geographic name as entry element ABOUT RICS-RELATED ORGANISATIONS
942 ## - ADDED ENTRY ELEMENTS (KOHA)
Suppress in OPAC 0
Holdings
Withdrawn status Lost status Source of classification or shelving scheme Damaged status Not for loan Home library Current library Shelving location Date acquired Total Checkouts Full call number Barcode Date last seen Copy number Price effective from Koha item type
    Dewey Decimal Classification     Historic collection Historic collection Historic collection 16/04/2008   MAP CABINET DRAWER 5 143209-2001 06/08/2019 1 06/08/2019 Archive